| 000 | 00650nam a2200193Ia 4500 | ||
|---|---|---|---|
| 003 | GCL | ||
| 008 | 140319s9999 xx 000 0 ara d | ||
| 020 | _a7129287977 | ||
| 040 |
_aGCL / _cGCL |
||
| 082 | 0 | 4 |
_a332.6 _bح ت |
| 100 | 1 | _aحامد العربى الحضيرى | |
| 245 | 1 | 0 |
_aتقييم الاستثمارات / _cحامد العربى الحضيرى |
| 260 |
_aالقاهرة : _bدار الكتب العلمية للنشر والتوزيع ، _c2000 |
||
| 300 |
_a343 ص ؛ _c24 سم |
||
| 650 | 0 | 4 | _aالاوراق المالية |
| 650 | 0 | 4 | _aالراسمالية |
| 650 | 0 | 4 | _aراس المال - استثمار |
| 942 |
_2ddc _cBK |
||
| 999 |
_c5443 _d5443 |
||